000 01126nam a22002537a 4500
005 2010081608128.0
008 090601t xxu||||| |||| 00| 0 Ur d
010 _aUR-7737
020 _c100.00
035 _aU-6292
040 _adpl
_bUrdu
082 _a841
100 _aمحّمد مرزاواصف
_913525
245 _aخزینہ واصف /
_cمحّمد مرزاواصف، حصہ دوم
246 _aKhazina-e-Wasif, (Vol. II) /
_bcompiled by Anwar Husain, by ‏Mohammad Mirza Wasif
260 _aفیض آباد
_c2008
_bانورحسین خاں
270 _aAt+Po. Neora, Via Mawai
_bFaizabad
_e225406
300 _a112 ص
_b22 س م (Hb)
700 _aانورحسین خاں
_913766
710 _aساحل احمد
_913526
942 _2ddc
_cUR
_h841
_mم ح م
999 _c42074
_d42074